Podnikateľský plán začínajúceho podniku diplomová práca

Gespeichert in:
Bibliographische Detailangaben
1. Verfasser: Škrabáková, Dominika
Körperschaft: Fakulta podnikového manažmentu EU. Katedra manažmentu
Weitere Verfasser: Slávik, Štefan, 1955-
Format: Buch
Sprache:Slowakisch
Veröffentlicht: Bratislava 2018
Tags: Tag hinzufügen
Keine Tags, Fügen Sie das erste Tag hinzu!

MARC

LEADER 00000nbm a2200000 4500
001 0244723
005 20180920131740.4
041 0 |a slo 
044 |a SK 
245 1 0 |a Podnikateľský plán začínajúceho podniku  |b diplomová práca  |c Dominika Škrabáková ; školiteľ: Štefan Slávik 
264 1 |a Bratislava  |c 2018 
300 |a 74 s. 
100 1 |a Škrabáková, Dominika 
700 1 |a Slávik, Štefan, 1955- 
710 2 |a Fakulta podnikového manažmentu EU. Katedra manažmentu